| 000 | 02055cam a22005174i 4500 | ||
|---|---|---|---|
| 003 | PE-LiUPU | ||
| 005 | 20250731172931.0 | ||
| 008 | 170621s2011 mau rb 001 0 eng d | ||
| 020 | _a9004204903 | ||
| 020 | _a9789004204904 | ||
| 035 | _a(Sirsi) a204436 | ||
| 040 |
_aPE-LiUPU _bspa _cPE-LiUPU _erda |
||
| 049 | _aPRUA | ||
| 082 | 0 | 4 |
_a292.2 _bC7 _222 |
| 245 | 0 | 0 |
_aCoping with the gods : _bwayward readings in Greek theology / _cby H.S. Versnel. |
| 264 | 1 |
_aLeiden ; _aBoston : _bBrill, _c2011. |
|
| 300 |
_axiii, 593 páginas ; _c25 centimetros. |
||
| 336 |
_atext _2rdacontent |
||
| 337 |
_aunmediated _2rdamedia |
||
| 338 |
_avolume _2rdacarrier |
||
| 490 | 0 |
_aReligions in the Graeco-Roman world, _x0927-7633 ; _vv. 1738 |
|
| 504 | _aBibliografía : páginas 561-576. | ||
| 504 | _aÍndices: páginas 577-583. | ||
| 505 | 0 | _aMany gods : complications of polytheism -- The gods : divine justice or divine arbitrariness? -- One god : three Greek experiments in oneness -- A god : why is Hermes hungry? -- God : the question of divine omnipotence -- Playing (the) god : did (the) Greeks believe in the divinity of their rulers? | |
| 526 | _aSEG42 | ||
| 526 | _aSEG41 | ||
| 526 | _aSEG40 | ||
| 526 | _aSEG39 | ||
| 526 | _aP94 | ||
| 526 | _aP87 | ||
| 526 | _aP86 | ||
| 526 | _aP85 | ||
| 526 | _aP77 | ||
| 526 | _aP76 | ||
| 526 | _aP35 | ||
| 650 | 7 |
_aReligión. _95128 |
|
| 650 | 7 |
_aGrecia _xReligión. |
|
| 700 | 1 |
_aVersnel, H. S, _eeditor. |
|
| 910 |
_ajck _bjvq _cjpc _d20170621 |
||
| 942 |
_2ddc _cBOOK |
||
| 949 |
_a292.2 C7 _wDEWEY _c1 _i76244 _lCATALOGING _mBUL _p180.00 _r0 _sY _tBOOK _u2017-06-21 _xTEOLOGÍA _zTEOLOGÍA _0COMPRA _o.CIRCNOTE. El documento es de alto precio. _o.STAFF. Colección Teología |
||
| 994 |
_aC0 _bPEPRU |
||
| 596 | _a1 | ||
| 999 |
_a292.2 C7 _wDEWEY _c20789 _i76244 _f2021-11-11 _g4 _lCCODEBUL1 _mBUL _p180.00 _r0 _sY _tBOOK _u2017-6-21 _xTEOLOGIA _PP35 _0DONACION _o.STAFF. Colección Teología _d20789 |
||
| 980 |
_81 _gALBERTO SANCHEZ Responsable de Automatización |
||